000 03723cam a22002534a 4500
008 260325b mx ||||| |||| 00| 0 spa d
020 _a842670719X
040 _aITMILPAALTA
_besp
_cTecNM
050 0 0 _aTJ690 .B13 1988
100 1 _aBachs, L.
_94433
245 0 0 _aAplicaciones industriales del láser /
_cL. Bachs, J. Cuesta y N. Carles..
250 _a1RA EDICION
260 3 _aEspaña:
_bPRODUCTICA,
_c1988.
300 _a195 paginas:
_bcontine ilustracoines;
_c24 cm
504 _aL. Bachs, J. Cuesta y N. Carles son ingenieros y especialistas técnicos españoles que destacaron en la década de los 80 por su dominio en el procesamiento de materiales y tecnologías de fabricación. Aunque no existen biografías comerciales extensas sobre sus vidas personales, su aporte académico y profesional fue fundamental en su época. Colaboraron estrechamente en la "Colección Prodúctica" de Marcombo (dirigida por José Mompín Poblet), una serie de manuales que educó a toda una generación de ingenieros en España y Latinoamérica sobre robótica, automatización y manufactura moderna. Su objetivo principal con este texto fue tomar la tecnología láser, que hasta entonces se veía como algo exclusivo de los laboratorios de física, y traducirla en una herramienta de uso práctico para ingenieros y operarios en fábricas.
505 _aNociones de teoría: Naturaleza de la luz, emisión estimulada, bombeo del medio activo, resonadores y modos de propagación. Láseres más utilizados industrialmente: Análisis profundo de los Láseres de CO2, Láseres de estado sólido (Nd:YAG o Nd3+) y Láser de Rubí. Seguridad láser: Precauciones en el entorno industrial, riesgos por irradiación y control de accidentes. Tratamiento e interacción del haz: Transformación del haz láser, interacción con diferentes materiales superficiales, enfoque del haz y uso de gases de asistencia. Sistemas e integración láser: Mesas de coordenadas, integración con robots industriales, escáneres y software CAD/CAM. Aplicaciones industriales principales: * Corte de materiales por láser. Soldadura por láser. Taladrado de precisión. Temple y tratamientos superficiales.
520 _aAplicaciones industriales del láser es un manual técnico pionero que funcionó como guía de adiestramiento para las empresas que, a finales de los años 80, buscaban modernizar y optimizar sus líneas de producción implementando tecnología óptica de alta potencia. La obra comienza estableciendo los principios físicos básicos de cómo se genera un haz de luz láser y cuáles son las tecnologías más rentables y estables para tener dentro de una fábrica (principalmente CO2 y Nd:YAG). Una vez superada la teoría básica, el texto se sumerge en el mundo real de la manufactura: explica detalladamente cómo los distintos parámetros del láser (potencia, enfoque, velocidad) afectan a materiales específicos, y cómo integrar la fuente de luz láser en máquinas herramienta y brazos robóticos. Destaca especialmente por dedicar secciones completas a la seguridad industrial —un tema a menudo ignorado en los textos puramente teóricos de la época— y por ofrecer directrices claras para utilizar una misma máquina láser en distintos procesos, desde cortar gruesas placas de metal hasta realizar micro-taladrados o soldaduras de alta resistencia.
526 _aIngenieria en Sistemas Computacionales
526 _aIngenieria en Gestion Empresarial
526 _aIngeniería Bioquímica
526 _aIngenieria en Industrias Alimentarias
942 _2lcc
_cLIB
_ePRIMERA EDICION
_n0
945 _a1262
_bJosé Antonio Albarrán Galván
_c1262
_dJosé Antonio Albarrán Galván
999 _c10724
_d10724